Algunas consideraciones sobre el análisis y diseño de edificios de hormigón armado
Zapisane w:
| 1. autor: | |
|---|---|
| Format: | Nieznany |
| Wydane: |
[San José, Costa Rica]
1960
|
| Hasła przedmiotowe: | |
| Etykiety: |
Dodaj etykietę
Nie ma etykietki, Dołącz pierwszą etykiete!
|
MARC
| LEADER | 00000 a2200000 4500 | ||
|---|---|---|---|
| 003 | 011062 | ||
| 005 | 20221231143804.0 | ||
| 008 | 140114s1960 c a m 000 ||s d | ||
| 040 | |c cru CEDI | ||
| 090 | |a TFG 103 | ||
| 100 | |a Hernández C, Eddy N |9 17239 | ||
| 245 | |a Algunas consideraciones sobre el análisis y diseño de edificios de hormigón armado | ||
| 260 | |c 1960 |a [San José, Costa Rica] | ||
| 300 | |a 83 hojas : cuadros, diagramas, gráficos ; 28 cm | ||
| 500 | |a A la cabeza de la portada Tesis de Incorporación al Colegio de Ingenieros y Arquitectos. Universidad de Costa Rica. Graduado Ingeniero Civil Master en Estrcuturas de la Universidad del Estado de Louisiana, E.E. U.U. | ||
| 650 | |x CONSTRUCCIONES DE HORMIGON |9 17240 | ||
| 942 | |c TFG | ||
| 999 | |c 11995 |d 11995 | ||
